000 00940nam a2200301 a 4500
001 000114797
003 CHAP
005 20220329144458.0
008 180416s2000 sp a |r| ||||||spa d
010 _a111258
011 _a112230
020 _a8477387575
040 _cCHAP
082 0 4 _a519.5
_bP43
100 1 _aPérez de Vargas Luque, Alberto
_9135131
245 1 0 _aEstadística biométrica :
_buna perspectiva instrumental /
_cpor Alberto Pérez de Vargas y María Cristina Martínez Calvo.
260 _aMadrid :
_bEditorial Sintesis,
_c2000.
300 _a221 p. :
_bil.
490 _aCiencias biológicas. Biología
_v3
590 _aE5765TAJ
_b05
_c20180416
_lUCH01
_h1151
650 1 4 _aBiometría.
_912831
650 1 4 _aEstadística matemática.
_938261
700 1 _aMartínez Calvo, María Cristina
_9135132
830 0 _aCiencias biológicas. Biología
_v3
_9135003
901 _aBK
942 _cLIBRO
942 _n0
999 _c111258
_d111258